00554nam a2200205Ia 4500003000400000005001700004008004100021020001500062040001800077041000800095082001600103100004100119245004700160260003600207300001200243650003400255650001400289650002500303650002000328OSt20250628102643.0210716s2004 xx 000 0 und d a032111308X cAIMIT LIBRARY aeng a659.2bBEHL aBehrens, Laurence; Rosen, Leonard J. aWriting and reading across the curriculum. aLondonbPearson Educationc2004 avii,215 aCritical reading and critique aSynthesis aAnthology of reading aBusiness ethics